000 00474nam a2200193Ia 4500
008 240510s9999 xx 000 0 und d
020 _a9789559632733
041 _asih
082 _a491.484.20(03)
082 _bH28
100 _aHEWAGE,BUDDHADASA
245 0 _aBuddhadasa Hewage Sinhala - English Dictionary
260 _bPitigala:Piyumi Printers and Publishers
260 _c2014
300 _a1798 p.
650 _aDictionary
942 _2ddc
942 _cRBK
999 _c29206
_d29206
945 _a1
_bMadushi Gamage
_c1
_dMadushi Gamage